مكتبة جامعة عجلون الوطنية

فهرس بحث المكتبة

الاثار القانونية لحقوق الارتفاق على قسمة العقار المشترك وفقاً لأحكام قانون الملكية العقارية الأردني : دراسة مقارنة = The Legal Effects of Easement Rights on The Division of The Joint property According to The provisions of The Jordanian Real Estate Property Law : A Ccomparrative Study / (Record no. 33495)

MARC details
000 -LEADER
fixed length control field 01178nam a22001817a 4500
003 - CONTROL NUMBER IDENTIFIER
control field JO-AjAnu
005 - DATE AND TIME OF LATEST TRANSACTION
control field 20240602101933.0
008 - FIXED-LENGTH DATA ELEMENTS--GENERAL INFORMATION
fixed length control field 240602b jo ||||| |||| 00| 0 ara d
040 ## - CATALOGING SOURCE
Original cataloging agency JO-AjAnu
Language of cataloging ara
Transcribing agency JO-AjAnu
Modifying agency ara
Description conventions ara
041 #0 - LANGUAGE CODE
Language code of original ara
100 ## - MAIN ENTRY--PERSONAL NAME
Personal name زيتون، أماني مصطفى أحمد
Relator term معد
9 (RLIN) 65434
245 #0 - TITLE STATEMENT
Title الاثار القانونية لحقوق الارتفاق على قسمة العقار المشترك وفقاً لأحكام قانون الملكية العقارية الأردني : دراسة مقارنة = The Legal Effects of Easement Rights on The Division of The Joint property According to The provisions of The Jordanian Real Estate Property Law : A Ccomparrative Study /
Statement of responsibility, etc. اعداد اماني مصطفى أحمد زيتون ؛ اشراف منتصر احمد القضاة
300 ## - PHYSICAL DESCRIPTION
Extent 113 ورقة
500 ## - GENERAL NOTE
General note رسالة جامعية (ماجستير) جامعة عجلون الوطنية / كلية الحقوق- تخصص القانون
650 ## - SUBJECT ADDED ENTRY--TOPICAL TERM
Form subdivision الملكية-قوانين وتشريعات-الملكية العقارية-الأردن
700 ## - ADDED ENTRY--PERSONAL NAME
Personal name منتصر احمد القضاة
Relator term مشرف
9 (RLIN) 65435
942 ## - ADDED ENTRY ELEMENTS (KOHA)
Source of classification or shelving scheme Library of Congress Classification
Koha item type Thesis
Suppress in OPAC No
Holdings
Withdrawn status Lost status Source of classification or shelving scheme Damaged status Not for loan Home library Current library Date acquired Total Checkouts Full call number Barcode Date last seen Price effective from Koha item type
    Library of Congress Classification     مكتبة جامعة عجلون الوطنية مكتبة جامعة عجلون الوطنية 02/06/2024   KMM64.2023 A29283 02/06/2024 02/06/2024 Thesis
    Library of Congress Classification     مكتبة جامعة عجلون الوطنية مكتبة جامعة عجلون الوطنية 02/06/2024   KMM64.2023 A29284 02/06/2024 02/06/2024 Thesis